[Event "GER Schools Cup g/7'+3\""]
[Site "Playchess.com INT"]
[Date "2004.01.20"]
[Round "4.4"]
[White "Beltz, Franziska"]
[Black "Geiger, Florian"]
[Result "1-0"]
[WhiteElo "1925"]
[BlackElo "1325"]
[PlyCount "21"]
[EventDate "2004.01.23"]
[EventType "team (blitz)"]
[EventRounds "12"]
[EventCountry "GER"]
[SourceTitle "EXT 2005"]
[Source "ChessBase"]
[SourceDate "2004.11.15"]
[SourceVersion "1"]
[SourceVersionDate "2004.11.15"]
[SourceQuality "1"]

1. e4 g6 2. d4 Bg7 3. Nc3 Nf6 4. e5 Nh5 5. g4 Ng3 6. hxg3 0-0 7. Bh6 d6 8. Qd2 Bxg4 9. Bxg7 Kxg7 10. Qh6+ Kh8 11. Qxh7# 1-0